[Event "Haarlem open"]
[Site "?"]
[Date "1997.??.??"]
[Round "?"]
[White "Van Tuyl, Erik"]
[Black "Verburg, C."]
[Result "0-1"]
[WhiteElo "2700"]
[BlackElo "2850"]
[PlyCount "86"]
[EventDate "1997.??.??"]
[Source "www.chesslib.no"]
[SourceDate "2004.05.04"]

1. e4 e6 2. d4 d5 3. Nd2 Ne7 4. Bd3 dxe4 5. Nxe4 Ng6 6. Nf3 h6 7. Be3 b6 8. Qe2 Bb7 9. O-O-O Be7 10. g4 Nc6 11. a3 Na5 12. g5 hxg5 13. Nfxg5 Qd5 14. Kb1 Qd8 15. Qf3 Bxg5 16. Bxg5 Qxg5 17. Qxf7+ Kxf7 18. Nxg5+ Ke7 19. Rhe1 Nf4 20. Bf5 Bd5 21. Bxe6 Nxe6 22. Nxe6 Kd6 23. Nxg7 Raf8 24. Re5 Rxh2 25. Nf5+ Rxf5 26. Rxf5 Kc6 27. f4 Be4 28. Rf6+ Kb7 29. Ka2 Rxc2 30. d5 Rc5 31. d6 cxd6 32. Rfxd6 Nc6 33. b4 Rc2+ 34. Kb3 Rf2 35. Rf6 Bc2+ 36. Kc4 Bxd1 37. Rf7+ Kc8 38. b5 Na5+ 39. Kd4 Nb3+ 40. Ke5 Re2+ 41. Kf6 Nc5 42. Kg7 Nd7 43. f5 Bb3 0-1

[Event "Mind Sports Games - Blitz Pair"]
[Site "Pechino CINA"]
[Date "2008.10.08"]
[Round "2"]
[White "Ni Hua"]
[Black "Gurevich, M1."]
[Result "1/2-1/2"]
[WhiteElo "2710"]
[BlackElo "2634"]
[PlyCount "39"]
[EventDate "2008.10.08"]
[Source "www.chesslib.no"]
[SourceDate "2004.05.04"]

1. e4 e6 2. d4 d5 3. Nd2 a6 4. Bd3 c5 5. exd5 exd5 6. dxc5 Bxc5 7. Ngf3 Qe7+ 8. Qe2 Qxe2+ 9. Kxe2 Bg4 10. h3 Bh5 11. Nb3 Bd6 12. Nbd4 Ne7 13. Re1 O-O 14. Kf1 Nbc6 15. c3 Rfe8 16. Bd2 Bg6 17. Bxg6 hxg6 18. g4 Nxd4 19. Nxd4 Nc6 20. Be3 1/2-1/2

[Event "Garmisch"]
[Site "Garmisch"]
[Date "1994.??.??"]
[Round "10"]
[White "Adams, Michael"]
[Black "Hertneck, Gerald"]
[Result "1/2-1/2"]
[WhiteElo "2640"]
[BlackElo "2605"]
[PlyCount "88"]
[EventDate "1994.??.??"]
[Source "ChessBase"]

1. e4 e6 2. d4 d5 3. Nd2 b6 4. Ngf3 Nf6 5. Bd3 Ba6 6. Bxa6 Nxa6 7. exd5 Qxd5 8. c4 Qb7 9. O-O Bd6 10. b3 O-O 11. Bb2 c5 12. d5 exd5 13. Bxf6 gxf6 14. Nh4 Kh8 15. Qf3 Be5 16. Rae1 Rg8 17. cxd5 Nc7 18. Nc4 Qxd5 19. Nxe5 fxe5 20. Qf6+ Rg7 21. Rxe5 Qd8 22. Qxd8+ Rxd8 23. Nf5 f6 24. Re4 Rg5 25. Ne3 Re5 26. Rf4 Kg7 27. g3 Nb5 28. Kg2 Nc3 29. Rc4 Rd3 30. Rc1 Ne4 31. Re1 Rd2 32. Rc2 Rxc2 33. Nxc2 Nc3 34. Rxe5 fxe5 35. a4 e4 36. f4 exf3+ 37. Kxf3 Kf6 38. Ke3 Ke5 39. Kd3 Nd5 40. Na3 Nb4+ 41. Ke3 Nd5+ 42. Kd3 Nb4+ 43. Ke3 Nd5+ 44. Kd3 Nb4+ 1/2-1/2

[Event "It"]
[Site "Beer Sheba ISR"]
[Date "1978.??.??"]
[Round "12"]
[White "Liberzon, Vladimir M"]
[Black "Korchnoi, Viktor L"]
[Result "0-1"]
[WhiteElo "2555"]
[BlackElo "2665"]
[PlyCount "64"]
[EventDate "1978.??.??"]
[Source "www.chesslib.no"]
[SourceDate "2004.05.04"]

1. e4 e6 2. d4 d5 3. Nd2 Be7 4. Ngf3 Nf6 5. e5 Nfd7 6. Bd3 c5 7. c3 Nc6 8. O-O Qb6 9. Re1 cxd4 10. cxd4 Nxd4 11. Nxd4 Qxd4 12. Nf3 Qb6 13. Qa4 Qb4 14. Qc2 Nc5 15. Bd2 Qa4 16. b3 Qa3 17. Bf1 Bd7 18. Nd4 O-O 19. f3 Rac8 20. Qb1 Na6 21. Bd3 g6 22. Kh1 Nb4 23. Bh6 Rfd8 24. h3 Bc5 25. Ne2 Nxd3 26. Qxd3 Qb4 27. Bg5 Re8 28. f4 Bb5 29. Qg3 Bxe2 30. Rxe2 Bf8 31. Rd1 Rc6 32. Qh4 Rec8 0-1

[Event "FRA-chT"]
[Site "France"]
[Date "2002.05.04"]
[Round "11.1"]
[White "Tkachiev, Vladislav"]
[Black "Bauer, Christian"]
[Result "1/2-1/2"]
[WhiteElo "2634"]
[BlackElo "2578"]
[PlyCount "95"]
[EventDate "2002.02.01"]
[Source "ChessBase"]
[SourceDate "2002.07.08"]

1. e4 e6 2. d4 d5 3. Nd2 Be7 4. Ngf3 Nf6 5. Bd3 c5 6. e5 Nfd7 7. c3 b6 8. Qe2 a5 9. O-O cxd4 10. Nxd4 Nc5 11. Bb5+ Bd7 12. Re1 O-O 13. a4 Nba6 14. N2f3 Qe8 15. Be3 Nc7 16. Bxd7 Qxd7 17. Nb5 Rfc8 18. Nfd4 Ne8 19. Bf4 Rd8 20. Qe3 Rac8 21. Bg5 Bxg5 22. Qxg5 f6 23. exf6 Nxf6 24. f3 Re8 25. Re3 Re7 26. Rae1 Rce8 27. b3 e5 28. Nf5 Re6 29. Rxe5 Rxe5 30. Rxe5 Rxe5 31. Nh6+ Kf8 32. Qxe5 Nxb3 33. Nf5 Nc5 34. Nbd4 Qe8 35. Qg3 Qd7 36. h3 Ne8 37. Qe5 Qf7 38. Nc6 Nd3 39. Qe3 Nc5 40. Nfd4 Qf6 41. f4 Nd6 42. Qf3 h6 43. Ne5 Nde4 44. Nb3 Qe6 45. Nxc5 Nxc5 46. Qd1 Nd7 47. Nxd7+ Qxd7 48. Qd4 1/2-1/2

[Event "Kalamaria Open"]
[Site "Thessaloniki GRE"]
[Date "2007.08.30"]
[Round "7"]
[White "Kotronias, V."]
[Black "Graf, A."]
[Result "1/2-1/2"]
[WhiteElo "2612"]
[BlackElo "2595"]
[PlyCount "31"]
[EventDate "2007.08.25"]
[Source "www.chesslib.no"]
[SourceDate "2004.05.04"]

1. e4 e6 2. d4 d5 3. Nd2 h6 4. Bd3 c5 5. dxc5 Bxc5 6. Ngf3 Ne7 7. O-O Nbc6 8. exd5 Nxd5 9. Ne4 Bb6 10. Bb5 O-O 11. Bxc6 bxc6 12. c4 f5 13. Ng3 Nf6 14. Qe2 Qc7 15. Bd2 c5 16. Bc3 1/2-1/2

[Event "Great Britain"]
[Site "?"]
[Date "2000.??.??"]
[Round "?"]
[White "Plaskett, J."]
[Black "Short, N."]
[Result "1-0"]
[WhiteElo "2515"]
[BlackElo "2680"]
[PlyCount "53"]
[EventDate "2000.??.??"]
[Source "Chess Informant"]
[SourceDate "2000.06.01"]

1. e4 e6 2. d4 d5 3. Nd2 Be7 4. Bd3 Nf6 5. Ngf3 c5 6. c3 Nc6 7. O-O dxe4 8. Nxe4 cxd4 9. cxd4 O-O 10. Nc3 Nb4 11. Bb1 b6 12. Re1 Bb7 13. Ne5 Nbd5 14. Qd3 Rc8 15. Qh3 Nxc3 16. bxc3 Qd5 17. Bd2 g6 18. Bc2 Qa5 19. Qh4 Rxc3 20. Bb3 Nd5 21. Qh6 Bb4 22. Nd7 Rd8 23. Bxd5 Rxd7 24. Rxe6 fxe6 25. Bxe6+ Kh8 26. Bxc3 Rd8 27. Qf4 1-0

[Event "Romania"]
[Site "?"]
[Date "2004.??.??"]
[Round "?"]
[White "Nisipeanu, L._D."]
[Black "Czebe, A."]
[Result "1-0"]
[WhiteElo "2690"]
[BlackElo "2495"]
[PlyCount "63"]
[EventDate "2004.??.??"]
[Source "Chess Informant"]
[SourceDate "2004.02.01"]

1. e4 e6 2. d4 d5 3. Nd2 Be7 4. Ngf3 Nf6 5. e5 Nfd7 6. Bd3 c5 7. O-O Nc6 8. Re1 g5 9. h3 h5 10. c4 g4 11. cxd5 Nb4 12. d6 Bh4 13. Be4 gxf3 14. Nxf3 cxd4 15. Qxd4 Qb6 16. Qxb6 axb6 17. Nxh4 Nxe5 18. Bd2 Nec6 19. a3 Na6 20. Bc3 Rg8 21. Nf3 Bd7 22. Bh7 O-O-O 23. Bxg8 Rxg8 24. b4 b5 25. a4 Nd8 26. Ne5 bxa4 27. Nxd7 Kxd7 28. Rxa4 Kxd6 29. b5 Nc7 30. Be5+ Kd7 31. Bxc7 Kxc7 32. Ra8 1-0